000
00257nam a22001097a 4500
999
_c
65322
_d
65319
082
_a
297.1225.41 BRA
100
_a
اعلی حضرت امام احمد رضا
245
_a
القرآن القریم
260
_a
لاہور
300
_a
۷۴۴
942
_c
BK